Angustia de un querer: intento de formalización de las decisiones clínicas /
Tallennettuna:
| Päätekijä: | |
|---|---|
| Aineistotyyppi: | Teksti |
| Tagit: |
Lisää tagi
Ei tageja, Lisää ensimmäinen tagi!
|
MARC
| LEADER | 00000 a a2200000 04500 | ||
|---|---|---|---|
| 001 | 8737 | ||
| 003 | |||
| 040 | |||
| 100 | |a Ladànyi-Schumacher, Judith | ||
| 245 | |a Angustia de un querer: |b intento de formalización de las decisiones clínicas / |c Judith Ladànyi-Schumacher | ||
| 773 | |g número 12; páginas 35-45 | ||
| 999 | |c 27238 |d 27238 | ||
